A practical approach to intellectual property rights . (Record no. 19223)

MARC details
000 -LEADER
fixed length control field 00996 a2200253 4500
005 - DATE AND TIME OF LATEST TRANSACTION
control field 20081013150556.0
008 - FIXED-LENGTH DATA ELEMENTS--GENERAL INFORMATION
fixed length control field 081013t xxu||||| |||| 00| 0 eng d
010 ## - LCCN (DPL NO)
LC control number ENG-91872
020 ## - INTERNATIONAL STANDARD BOOK NUMBER
Terms of availability 225.00
035 ## - SYSTEM CONTROL NUMBER
System control number EN-75405
037 ## - SOURCE OF ACQUISITION
Source of stock number/acquisition DBAD / PUB
040 ## - CATALOGING SOURCE
Original cataloging agency dpl
Language of cataloging English
082 ## - DEWEY DECIMAL CLASSIFICATION NUMBER
Classification number 346.54048
100 ## - MAIN ENTRY--PERSONAL NAME
Personal name Karuppasamy, R.
245 ## - TITLE STATEMENT
Title A practical approach to intellectual property rights .
Statement of responsibility, etc by R. Karuppasamy [and] H.C. Bindusha
260 ## - PUBLICATION, DISTRIBUTION, ETC. (IMPRINT)
Place of publication, distribution, etc New Delhi
Name of publisher, distributor, etc Himalaya Publishing House
Date of publication, distribution, etc 2008
270 ## - ADDRESS
Address Pooja Apartments, 4-=B, Murari Lal Street, Ansari Raod, Daryaganj,
City New Delhi
Postal code 110002
300 ## - PHYSICAL DESCRIPTION
Extent 300p.
Dimensions 25 cm ( pbk.)
650 ## - SUBJECT ADDED ENTRY--TOPICAL TERM
Topical term or geographic name as entry element Intellectual property
Geographic subdivision India
650 ## - SUBJECT ADDED ENTRY--TOPICAL TERM
Topical term or geographic name as entry element Intellectual property
700 ## - ADDED ENTRY--PERSONAL NAME
Personal name Bindusha, H.C.
942 ## - ADDED ENTRY ELEMENTS (KOHA)
Institution code [OBSOLETE] dpl
Item type English Books
Source of classification or shelving scheme Dewey Decimal Classification
Call number suffix KAR
Classification part 346.54048
Holdings
Withdrawn status Lost status Source of classification or shelving scheme Damaged status Not for loan Collection code Home library Current library Date acquired Source of acquisition Cost, normal purchase price Total Checkouts Full call number Barcode Date last seen Copy number Cost, replacement price Koha item type
    Dewey Decimal Classification   Not For Loan Non-fiction D.B.Act.Division D.B.Act.Division 01/12/2008 DBAD / PUB 225.00   346.54048 KAR EN-75405 27/11/2008 1 225.00 English Books

© Delhi Public Library
Hit Counter
free hit counter